Central Library OPAC University of Rajshahi

The Trusts Act, 1882 : (Record no. 46733)

MARC details
000 -LEADER
fixed length control field 00789cam a2200277 a 4500
001 - CONTROL NUMBER
control field 46733
003 - CONTROL NUMBER IDENTIFIER
rucl marc code BD-RjUL
005 - DATE AND TIME OF LATEST TRANSACTION
control field 20211209054210.0
008 - FIXED-LENGTH DATA ELEMENTS--GENERAL INFORMATION
fixed length control field 160804s1965 pk l 000 0 eng
035 ## - SYSTEM CONTROL NUMBER
System control number (BD-RjUL)46852
040 ## - CATALOGING SOURCE
Original cataloging agency DLC
Transcribing agency DLC
Language of cataloging eng
041 ## - LANGUAGE CODE
Language code of text/sound track or separate title eng
082 ## - DEWEY DECIMAL CLASSIFICATION NUMBER
Classification number 346.5491059
Author mark and year CHT 1965
100 ## - MAIN ENTRY--PERSONAL NAME
Personal name CHOUDHRY, A.M.
9 (RLIN) 24195
110 1# - MAIN ENTRY--CORPORATE NAME
Corporate name or jurisdiction name as entry element Pakistan.
9 (RLIN) 142440
245 14 - TITLE STATEMENT
Title The Trusts Act, 1882 :
Remainder of title Act no. II of 1882 /
Statement of responsibility, etc. A.M. Choudhrt
250 ## - EDITION STATEMENT
Edition statement 3rd edi.
260 ## - PUBLICATION, DISTRIBUTION, ETC. (IMPRINT)
Place of publication, distribution, etc. Rawalpindi :
Name of publisher, distributor, etc. Federal Law House,
Date of publication, distribution, etc. 1965
300 ## - PHYSICAL DESCRIPTION
Pagination xx, 88 p. ;
Size 23 cm.
610 10 - SUBJECT ADDED ENTRY--CORPORATE NAME
Corporate name or jurisdiction name as entry element Pakistan.
650 #0 - SUBJECT ADDED ENTRY--TOPICAL TERM
Topical term or geographic name as entry element Trusts and trustees
Geographic subdivision Pakistan.
9 (RLIN) 24198
700 1# - ADDED ENTRY--PERSONAL NAME
Personal name Basit, Mohammad Abdul
942 ## - ADDED ENTRY ELEMENTS (KOHA)
Source of classification or shelving scheme Dewey Decimal Classification
Koha item type Books
Holdings
Lost status Source of classification or shelving scheme Damaged status Not for loan Collection code Permanent Location Current Location Shelving location Date acquired Source of acquisition Cost, normal purchase price Total Checkouts Full call number Date last seen Copy number Koha item type
  Dewey Decimal Classification     Non-fiction Central Library, University of Rajshahi Central Library, University of Rajshahi   25/06/1968 Asia Foundation 3.36   346.5491059 CHT 1965 04/08/2016 C-2 Books
  Dewey Decimal Classification     Non-fiction Central Library, University of Rajshahi Central Library, University of Rajshahi   25/06/1968 Asia Foundation 3.36   346.5491059 CHT 1965 04/08/2016 C-3 Books
  Dewey Decimal Classification     Non-fiction Central Library, University of Rajshahi Central Library, University of Rajshahi   25/06/1968 Asia Foundation 3.36   346.5491059 CHT 1965 04/08/2016 C-4 Books
  Dewey Decimal Classification     Non-fiction Central Library, University of Rajshahi Central Library, University of Rajshahi   25/06/1968 Asia Foundation 3.36   346.5491059 CHT 1965 04/08/2016 C-5 Books